000 00755nam a22002657a 4500
003 UA-OsUOA
001 72294
007 ta
008 20110105b un ||||| |||| 00| 0 ukr d
100 _aБойко О.Д.
090 _a94(477)(075.8)
_bБ77
942 _cBK
040 _aUA-OsUOA
_bukr
_cUA-OsUOA
_dUA-OsUOA
245 _aІсторія України
_bНавч. посібник
300 _a688 с.
955 _a2
041 _aukr
080 _a94(477)(075.8)
020 _a978-966-8226-43-4
260 _aКиїв
_bАкадемвидав
_c2004
044 _aUA
250 _n3-тє вид., виправлене і доповнене
650 7 _a9 Географія. Біографії. Історія
_2UDC
999 _c358573
_d358573